The works of Daniel Webster...

Bibliographic Details
Main Author: Webster, Daniel, 1782-1852
Other Authors: Everett, Edward, 1794-1865
Format: Book
Language:English
Published: Boston : C.C. Little and J. Brown, 1851.
Subjects:

MARC

Tag First Indicator Second Indicator Subfields
LEADER 00000cam a2200000 4500
001 in00000061844
005 20151008050616.0
008 750620s1851 maua 00000 eng u
010 |a  09004595  
035 |a (OCoLC)01401641 
035 |9 AAG2110AM 
040 |c ORL  |d TXA  |d UtOrBLW 
049 |a TXAM  |v 1 [329504]  |v 2 [329505]  |v 3 [329506]  |v 4 [329507]  |v 5 [329508]  |v 6 [329509] 
050 0 0 |a E337.8  |b .W25 1851 
092 |a 308  |b W378w 
100 1 |a Webster, Daniel,  |d 1782-1852. 
245 1 4 |a The works of Daniel Webster... 
264 1 |a Boston :  |b C.C. Little and J. Brown,  |c 1851. 
300 |a 6 volumes :  |b frontispiece (portrait) plate ;  |c 23 cm. 
336 |a text  |b txt  |2 rdacontent 
337 |a unmediated  |b n  |2 rdamedia 
338 |a volume  |b nc  |2 rdacarrier 
505 1 |a --v. 1. Biographical memoir [by Edward Everet] and speeches on various occasions.--v. 2. Speeches on various occasions.--v. 3. Speeches in the convention to amend the constitution of Massachusetts, and speeches in Congress.--v. 4. Speeches in Congress.--v. 5. Speeches in Congress, and legal arguments and speeches to the ury.--v. 6. Legal arguments and speeches to the jury, diplomatic and official papers, and miscellaneous letters. 
651 0 |a United States  |x Politics and government  |y 1815-1861. 
700 1 |a Everett, Edward,  |d 1794-1865. 
999 |a MARS 
999 f f |s 9eaf0cc7-7b30-3d49-ba1c-35d8b799b747  |i d0cef36c-c42d-38eb-94cf-a329965369a4  |t 0 
952 f f |p ric  |a Texas A&M University  |b Rellis Campus  |c Joint Library Facility  |d Remote Storage  |t 0  |e E337.8 .W25 1851  |h Library of Congress classification  |i unmediated -- volume  |k v.2  |m A14800647037 
952 f f |p ric  |a Texas A&M University  |b Rellis Campus  |c Joint Library Facility  |d Remote Storage  |t 0  |e E337.8 .W25 1851  |h Library of Congress classification  |i unmediated -- volume  |k v.4  |m A14800647053 
952 f f |p ric  |a Texas A&M University  |b Rellis Campus  |c Joint Library Facility  |d Remote Storage  |t 0  |e E337.8 .W25 1851  |h Library of Congress classification  |i unmediated -- volume  |k v.5  |m A14800647061 
952 f f |p ric  |a Texas A&M University  |b Rellis Campus  |c Joint Library Facility  |d Remote Storage  |t 0  |e E337.8 .W25 1851  |h Library of Congress classification  |i unmediated -- volume  |k v.6  |m A14800647079 
952 f f |p ric  |a Texas A&M University  |b Rellis Campus  |c Joint Library Facility  |d Remote Storage  |t 0  |e E337.8 .W25 1851  |h Library of Congress classification  |i unmediated -- volume  |k v.1  |m A14800647029 
952 f f |p ric  |a Texas A&M University  |b Rellis Campus  |c Joint Library Facility  |d Remote Storage  |t 0  |e E337.8 .W25 1851  |h Library of Congress classification  |i unmediated -- volume  |k v.3  |m A14800647045 
998 f f |a E337.8 .W25 1851  |s v.1-5  |t 0  |l Remote Storage 
998 f f |a E337.8 .W25 1851  |s v.6  |t 0  |l Remote Storage